| 000 | 00516nam a2200145 a 4500 | ||
|---|---|---|---|
| 008 | 120416s1966 ||||||||||||||||| || u | ||
| 050 | _aQA 255 Bea | ||
| 100 | _aBeale, J | ||
| 245 | 1 | 0 | _aIntroduction to Complex numbers for technical students |
| 246 | _aprogrammed text | ||
| 260 |
_aLondon _bAllen & Unwin _c1966 |
||
| 300 | _a423p. : ill | ||
| 350 | _a0.00 | ||
| 995 |
_D0.00 _FCBU-MAIN LIBRARY (Kitwe) _H1 _I3.00 _M1 _UAVAILABLE _ZAnnex Low-Usage Collection |
||
| 999 |
_c47658 _d47658 |
||